1930 FIFA World Cup - Statistics

General Stats
  • This quiz has been taken 82 times
  • The average score is 11 of 16
Answer Stats
Placement Answer % Correct
Winner Uruguay
100%
United States
95%
Runner-Up Argentina
94%
Round 2 Brazil
94%
Round 1 France
91%
Round 1 Mexico
81%
Yugoslavia
80%
Round 2 Chile
75%
Round 1 Bolivia
66%
Round 2 Paraguay
66%
Round 1 Peru
64%
Round 1 Belgium
63%
Round 2 Romania
50%
Withdrew Japan
42%
Withdrew Egypt
33%
Withdrew Siam
17%
No matching quizzes found
Score Distribution
Percent of People with Each Score
Percentile by Number Answered
Your Score History
You have not taken this quiz